Cutantirap pōril Tamil̲ar paṅku. (Record no. 66758)
[ view plain ]
| 000 -LEADER | |
|---|---|
| fixed length control field | 00543cam a22002171 4500 |
| 001 - CONTROL NUMBER | |
| control field | sa 65010452 |
| 003 - CONTROL NUMBER IDENTIFIER | |
| control field | DLC |
| 005 - DATE AND TIME OF LATEST TRANSACTION | |
| control field | 20260227112208.0 |
| 008 - FIXED-LENGTH DATA ELEMENTS--GENERAL INFORMATION | |
| fixed length control field | 900122s1965 ii 000 0 tamo |
| 010 ## - LIBRARY OF CONGRESS CONTROL NUMBER | |
| LC control number | sa 65010452 |
| 035 ## - SYSTEM CONTROL NUMBER | |
| System control number | (OCoLC)20941313 |
| 040 ## - CATALOGING SOURCE | |
| Original cataloging agency | DLC |
| Transcribing agency | WaU |
| Modifying agency | DLC |
| 043 ## - GEOGRAPHIC AREA CODE | |
| Geographic area code | a-ii--- |
| 050 00 - LIBRARY OF CONGRESS CALL NUMBER | |
| Classification number | DS434 |
| Item number | .N34 |
| 100 1# - MAIN ENTRY--PERSONAL NAME | |
| Personal name | Naṭarājan̲, Es., |
| Dates associated with a name | 1918-1985. |
| 245 10 - TITLE STATEMENT | |
| Title | Cutantirap pōril Tamil̲ar paṅku. |
| 260 ## - PUBLICATION, DISTRIBUTION, ETC. | |
| Date of publication, distribution, etc. | [1965] |
| 300 ## - PHYSICAL DESCRIPTION | |
| Extent | 95 p. |
| Dimensions | 18 cm. |
| 500 ## - GENERAL NOTE | |
| General note | In Tamil. |
| 651 #0 - SUBJECT ADDED ENTRY--GEOGRAPHIC NAME | |
| Geographic name | India, South |
| Form subdivision | Biography. |
No items available.